000
00300nam a22001217a 4500
020
_a
9693509870
082
_a
320.95491
100
_a
Hamid Yusuf
245
_a
Pakistan:a study of political developments 1947-97
260
_a
Lahore
_b
Sange meel publications
_c
1999.
300
_a
274p
942
_c
BK
999
_c
2708
_d
2708